000 00668nam a2200241Ia 4500
003 OSt
005 20220918164741.0
006 a|||||r|||| 00| 0
007 ta
008 220917b |||||||| |||| 00| 0 eng d
020 _a0745614523
024 _a233,105
037 _cTextual
040 _aARTS
_cARTS
_beng
041 _2eng
_aeng
082 _aR3N, N6
100 _aEntreves Maurizio Passerin D. Ed.
_920467
245 0 _aHabermas and the unfinished project f modernity
260 _aCambridge
_bPolity Press
_c1996
650 _aPHILOSOPHY
942 _hR3N, N6
_cTEXL
_2CC
999 _c126339
_d126339